The General Theory of Employment,Interest and Money (Record no. 2511)
[ view plain ]
| 000 -LEADER | |
|---|---|
| fixed length control field | 00447nam a22001337a 4500 |
| 020 ## - INTERNATIONAL STANDARD BOOK NUMBER | |
| International Standard Book Number | 9788126905911 |
| 082 ## - DEWEY DECIMAL CLASSIFICATION NUMBER | |
| Classification number | 330.156 |
| 100 ## - MAIN ENTRY--PERSONAL NAME | |
| Personal name | Keynes,John Maynard |
| 245 ## - TITLE STATEMENT | |
| Title | The General Theory of Employment,Interest and Money |
| 260 ## - PUBLICATION, DISTRIBUTION, ETC. | |
| Place of publication, distribution, etc. | New Delhi |
| Name of publisher, distributor, etc. | Atlantic publishers |
| Date of publication, distribution, etc. | 2010. |
| 300 ## - PHYSICAL DESCRIPTION | |
| Extent | 351 |
| 942 ## - ADDED ENTRY ELEMENTS (KOHA) | |
| Koha item type | Book |
| Withdrawn status | Lost status | Damaged status | Not for loan | Collection code | Permanent Location | Current Location | Shelving location | Date acquired | Total Checkouts | Total Renewals | Full call number | Barcode | Date last seen | Price effective from | Koha item type |
|---|---|---|---|---|---|---|---|---|---|---|---|---|---|---|---|
| Central Library (CL) | Central Library (CL) | General Stacks | 01/25/2016 | 1 | 330.156 KEY | S3H-S-669 | 10/13/2023 | 11/18/2016 | Book |
